000 01176nam a2200349 c 4500
001 58968
003 CO-BoRNBP
005 20250901153909.0
007 ta
008 221026s2016 ck er dspa d spa
020 _a9789588926254
040 _aCO-BoRNBP
_bspa
_erda
_cCO-BoRNBP
041 0 _aspa
082 0 4 _a334
_bL18e
_222
100 _aLaville, JeanLouis,
_d1954-
_eaut
_964496
245 1 3 _aLa economía solidaria /
_cJean-Louis Laville ; traducción Carlos Ramírez Cháves.
250 _a1a. edición
264 1 _aBogotá, Colombia :
_bEdiciones desde abajo,
_c2016
300 _a151 páginas
336 _atexto
_btxt
_2rdacontent
337 _asin mediación
_bn
_2rdamedia
338 _avolumen
_bnc
_2rdacarrier
490 0 _aColección primeros pasos
_v17
504 _aBibliografía: páginas 137-151
521 _aRecomendado para un público adulto
545 _aIncluye datos biográficos del autor en la contra carátula
650 0 7 _aCooperativismo
_2lemb
_961206
650 0 7 _aEconomía solidaria
_2LEMB
_931857
650 0 7 _aMutualismo (economía)
_2lemb
_964497
700 _aRamírez Cháves, Carlos
_964498
942 _2ddc
_cBK
999 _c58968
_d58968